00951nam a2200265Ia 4500001000900000003000500009005001700014008004100031010001100072040000900083082001700092110004700109245011200156250000600268260005700274300001000331650002300341650003200364901001700396902000600413905006300419942001500482999001900497952016900516dia_2269CHAP20230620143712.0220117s1967 xx 000 0 und d a172789 cCHAP a641.452 I565 aInstituto Internacional del Frío9133570 aRecommended Conditions for Cold Storage of Pereshable Produce /c por el Instituto Internacional del Frío a2 aParís :bInstituto Internacional del Frío,c1967 a99 p. a1.Frigoríficos/  aAlimentos congelados.94302 a641.452 I565 aM a0000001967 PARX 0000000000FRA00 cLIBRO2ddc c172789d172789 00102ddc4051708GRALaIA_bIA_d2022-01-18eCompra Librería F. / R. 25124 (13/06/1990)g207.00i57926l0o641.452 I565pdia_967r2022-01-18 00:00:00t1yLIBRO